000 00528nam a2200193 a 4500
001 1758620201651
003 YourLibrary
005 20250923150819.0
008 250923s2006##################000#0#eng##
020 _a9780521546539
082 0 4 _a577.015
_bGRA
100 1 _aGrace, James B.,
_eauthor.
245 1 0 _aStructural Equation Modeling and Natural Systems :
260 _bCambridge University Press,
_c2006.
300 _a378 pages
650 0 _aNature.
942 _cENGLISH
040 _aYourLibrary
_beng
_cYourLibrary
999 _c589053
_d589053